000
00262nam a2200109Ia 4500
008
240625s9999 xx 000 0 und d
041
_a
eng
082
_a
658.421 ELE
100
_a
3G LEARNING
245
_a
BASICS OF BUSINESS FOR AN ENTREPRENEUR
260
_c
2015
999
_c
35245
_d
35245